000 01451cam a2200325 i 4500
003 SA-RiAUC
005 20250531151524.0
008 250528s1983 su g b 001r0 ara c
040 _aSA-JeALM
_bara
_cSA-RiAUC
_erda
082 0 4 _a222.22
090 _a222.22
_bش ل ب
100 1 _aشلبي، عبد الفتاح إسماعيل،
_d1925-
_eمؤلف.
245 1 0 _aرسم المصحف العثماني وأوهام المستشرقين في قراءات القرآن الكريم :
_bدوافعها ودافعها /
_cعبد الفتاح إسماعيل شلبي.
250 _aالطبعة الثانية، مزيدة ومنقحة.
264 1 _aجدة، السعودية :
_bدار الشروق،
_c[1983]
300 _a151 صفحة ؛
_c22 سم.
336 _aنص
_btxt
_2rdacontent
_3كتاب
337 _aبدون وسيط
_bn
_2rdamedia
338 _aمجلد
_bnc
_2rdacarrier
440 0 _aفي الدراسات القرآنية اللغوية
500 _aكشاف : صفحة 147-151.
500 _aإهداء من المؤلف عبد الفتاح إسماعيل شلبي بتاريخ 1403/6 هـ
504 _aببليوجرافية : صفحة 137-142.
630 2 7 _aالقرآن
_xدفع مطاعن
_2aucut
630 2 7 _aالقرآن
_xتجويد
_2aucut
650 7 _aالمصاحف العثمانية
_2aucsh
650 7 _aرسم المصاحف
_2aucsh
942 _2ddc
_cBOOK
_n0
949 _aSA-JeALM
_d250528
_umohamedma123
_n1
999 _c8557
_d8557